El último tango de Salvador Allende

Guardat en:
Dades bibliogràfiques
Autor principal: Ampuero, Roberto (Autor)
Format: Llibre
Idioma:espanyol
Publicat: Santiago Random House Mondadori 2012
Edició:1a. ed
Matèries:
Etiquetes: Afegir etiqueta
Sense etiquetes, Sigues el primer a etiquetar aquest registre!

MARC

LEADER 00000cam a2200000 a 4500
001 UCF1808
003 CL-VaPUC
008 120727e20120400CL |||||||||||||||||spa|d
020 |a 9789562623865 
082 0 4 |a 863  |b AMP  |2 21 
100 0 |a Ampuero, Roberto  |e author  |9 563298 
245 1 3 |a El último tango de Salvador Allende 
250 |a 1a. ed 
300 |a 375 p 
942 |c BK 
945 |d 20120727 00:00:00  |a dcastane 
260 |a Santiago  |b Random House Mondadori  |c 2012 
650 0 |a Novelas chilenas   |9 265425 
650 0 |a Literatura chilena   |9 308278 
583 |a last modification  |c 20151120 11:19:27  |k Rodrigo Vera 
999 |c 348496  |d 348494 
952 |0 0  |1 0  |4 0  |6 863_000000000000000_AMP_2012  |7 0  |8 A  |9 450534  |a BIBING  |b BIBING  |d 2019-11-22  |i 4873033  |o 863 AMP 2012  |p 4873033  |r 2025-01-20  |w 2019-11-22  |y BK  |k CUI 
952 |0 0  |1 0  |3 erb  |4 0  |6 863_000000000000000_AMP_2012  |7 0  |8 C  |9 450535  |a BIBCUR  |b BIBCUR  |i 5206758  |o 863 AMP 2012  |p 5206758  |r 2025-04-22  |w 2019-11-22  |y BK  |z Catalogado en:20151112  |k CAC